000
00324nam a2200133Ia 4500
100
_a
Berlin/ Howard M.
942
_c
BK
654
_a
circuits
245
_a
Fund. of operational amplifiers & linear integrated circuits
260
_b
Maxwell Macmillan
_a
Singapore
_c
1992
300
_a
422
546
_a
ENGLISH
999
_c
27135
_d
27135